<?xml version="1.0" encoding="UTF-8"?>
<record
    xmlns:xsi="http://www.w3.org/2001/XMLSchema-instance"
    xsi:schemaLocation="http://www.loc.gov/MARC21/slim http://www.loc.gov/standards/marcxml/schema/MARC21slim.xsd"
    xmlns="http://www.loc.gov/MARC21/slim">

  <leader>01823nam a2200301 i 4500</leader>
  <controlfield tag="003">DO-SdBNP</controlfield>
  <controlfield tag="005">20250702125720.0</controlfield>
  <controlfield tag="007">ta</controlfield>
  <controlfield tag="008">250529b2024    dr ac||| |||| 00| 0 spa d</controlfield>
  <datafield tag="020" ind1=" " ind2=" ">
    <subfield code="a">9789945947625</subfield>
  </datafield>
  <datafield tag="040" ind1=" " ind2=" ">
    <subfield code="a">DO-SdBNP</subfield>
    <subfield code="b">spa</subfield>
    <subfield code="c">BNPHU</subfield>
    <subfield code="e">rda</subfield>
  </datafield>
  <datafield tag="041" ind1=" " ind2=" ">
    <subfield code="a">spa</subfield>
  </datafield>
  <datafield tag="082" ind1=" " ind2="4">
    <subfield code="a">xxx</subfield>
    <subfield code="b">R426m </subfield>
    <subfield code="2">22</subfield>
  </datafield>
  <datafield tag="110" ind1="1" ind2=" ">
    <subfield code="a">Rep&#xFA;blica Dominicana. </subfield>
    <subfield code="b">Ministerio de la Presidencia</subfield>
    <subfield code="9">88229</subfield>
  </datafield>
  <datafield tag="245" ind1="1" ind2="0">
    <subfield code="a">Manual de capacitaci&#xF3;n y sensibilizaci&#xF3;n en g&#xE9;nero /</subfield>
    <subfield code="c">co-autoras, Berenice Pacheco-Salazar, Carmen Luisa Figueiras ; dise&#xF1;o editorial, Hermis Rodr&#xED;guez Botier.</subfield>
  </datafield>
  <datafield tag="264" ind1=" " ind2="1">
    <subfield code="a">Santo Domingo :</subfield>
    <subfield code="b">Editorial DiEditores,</subfield>
    <subfield code="b">Presidencia de la Rep&#xFA;blica Dominicana. Sup&#xE9;rate ; KOICA Rep&#xFA;blica Dominicana ; GDC Consulting,</subfield>
    <subfield code="b">Centro de Estudio de G&#xE9;nero (CEG-INTEC),</subfield>
    <subfield code="c">2024.</subfield>
  </datafield>
  <datafield tag="300" ind1=" " ind2=" ">
    <subfield code="a">96 p&#xE1;ginas :</subfield>
    <subfield code="b">ilustraciones, retratos ;</subfield>
    <subfield code="c">28 cm.</subfield>
  </datafield>
  <datafield tag="336" ind1=" " ind2=" ">
    <subfield code="a">texto</subfield>
    <subfield code="b">txt</subfield>
    <subfield code="2">rdacontent</subfield>
  </datafield>
  <datafield tag="337" ind1=" " ind2=" ">
    <subfield code="a">sin mediaci&#xF3;n</subfield>
    <subfield code="b">n</subfield>
    <subfield code="2">rdamedia</subfield>
  </datafield>
  <datafield tag="338" ind1=" " ind2=" ">
    <subfield code="a">volumen</subfield>
    <subfield code="b">nc</subfield>
    <subfield code="2">rdacarrier</subfield>
  </datafield>
  <datafield tag="505" ind1=" " ind2=" ">
    <subfield code="a">Agradecimientos 5 -- Introducci&#xF3;n 7 -- Presentaci&#xF3;n de proyecto 8 -- Consultor&#xED;a de gesti&#xF3;n de proyecto 8 -- Objetivos de la gu&#xED;a 9 -- Recomendaciones metodol&#xF3;gicas 10 -- Enfoque participativo 10 -- Fomento del respeto y empat&#xED;a 10 -- Adaptabilidad a los contextos 10 -- Flexibilidad en el aprendizaje 10 -- Fomento de la acci&#xF3;n comunitaria 10 -- M&#xF3;dulo 1. Principios de g&#xE9;nero 12 -- M&#xF3;dulo 2. Derecho humanos 33 -- M&#xF3;dulo 3. Violencia de g&#xE9;nero 43 -- M&#xF3;dulo 4. Resoluci&#xF3;n de conflictos 66 -- M&#xF3;dulo 5. Empoderamiento econ&#xF3;mico de las mujeres 77 -- Bibliograf&#xED;a 93</subfield>
  </datafield>
  <datafield tag="590" ind1=" " ind2=" ">
    <subfield code="a">Inventariado, 2025/BT</subfield>
  </datafield>
  <datafield tag="700" ind1="1" ind2=" ">
    <subfield code="a">Pacheco-Salazar, Berenice,</subfield>
    <subfield code="e">coautoras</subfield>
    <subfield code="4">coa</subfield>
  </datafield>
  <datafield tag="700" ind1="1" ind2=" ">
    <subfield code="a">Figueiras, Carmen Luisa,</subfield>
    <subfield code="e">coautoras</subfield>
    <subfield code="4">coa</subfield>
    <subfield code="9">64510</subfield>
  </datafield>
  <datafield tag="700" ind1="1" ind2=" ">
    <subfield code="a">Rodr&#xED;guez Botier, Hermis,</subfield>
    <subfield code="e">editor</subfield>
    <subfield code="4">ed.</subfield>
    <subfield code="9">84160</subfield>
  </datafield>
  <datafield tag="910" ind1=" " ind2=" ">
    <subfield code="a">Btav&#xE1;rez</subfield>
  </datafield>
  <datafield tag="942" ind1=" " ind2=" ">
    <subfield code="2">ddc</subfield>
    <subfield code="c">LBS1</subfield>
  </datafield>
  <datafield tag="952" ind1=" " ind2=" ">
    <subfield code="0">0</subfield>
    <subfield code="1">0</subfield>
    <subfield code="2">ddc</subfield>
    <subfield code="5">1</subfield>
    <subfield code="7">0</subfield>
    <subfield code="8">PD</subfield>
    <subfield code="a">BNPHU</subfield>
    <subfield code="b">BNPHU</subfield>
    <subfield code="c">CT</subfield>
    <subfield code="d">2025-02-05</subfield>
    <subfield code="e">Dep&#xF3;sito Legal</subfield>
    <subfield code="l">0</subfield>
    <subfield code="o">xxx R426m</subfield>
    <subfield code="p">2025-2288</subfield>
    <subfield code="r">2025-03-31</subfield>
    <subfield code="w">2025-03-31</subfield>
    <subfield code="y">LBS1</subfield>
  </datafield>
  <datafield tag="952" ind1=" " ind2=" ">
    <subfield code="0">0</subfield>
    <subfield code="1">0</subfield>
    <subfield code="2">ddc</subfield>
    <subfield code="5">1</subfield>
    <subfield code="7">0</subfield>
    <subfield code="8">PD</subfield>
    <subfield code="a">BNPHU</subfield>
    <subfield code="b">BNPHU</subfield>
    <subfield code="c">CT</subfield>
    <subfield code="d">2025-02-05</subfield>
    <subfield code="e">Dep&#xF3;sito Legal</subfield>
    <subfield code="l">0</subfield>
    <subfield code="o">xxx R426m</subfield>
    <subfield code="p">2025-2289</subfield>
    <subfield code="r">2025-03-31</subfield>
    <subfield code="t">e.2</subfield>
    <subfield code="w">2025-03-31</subfield>
    <subfield code="y">LBS1</subfield>
  </datafield>
  <datafield tag="952" ind1=" " ind2=" ">
    <subfield code="0">0</subfield>
    <subfield code="1">0</subfield>
    <subfield code="2">ddc</subfield>
    <subfield code="5">6</subfield>
    <subfield code="7">0</subfield>
    <subfield code="8">DS</subfield>
    <subfield code="a">BNPHU</subfield>
    <subfield code="b">BNPHU</subfield>
    <subfield code="c">CT</subfield>
    <subfield code="d">2025-04-04</subfield>
    <subfield code="e">Dep&#xF3;sito Legal</subfield>
    <subfield code="l">0</subfield>
    <subfield code="o">xxx R426m </subfield>
    <subfield code="p">2025-6138</subfield>
    <subfield code="r">2025-07-02</subfield>
    <subfield code="t">e.3</subfield>
    <subfield code="w">2025-07-02</subfield>
    <subfield code="y">LBS1</subfield>
  </datafield>
  <datafield tag="952" ind1=" " ind2=" ">
    <subfield code="0">0</subfield>
    <subfield code="1">0</subfield>
    <subfield code="2">ddc</subfield>
    <subfield code="5">6</subfield>
    <subfield code="7">0</subfield>
    <subfield code="8">DS</subfield>
    <subfield code="a">BNPHU</subfield>
    <subfield code="b">BNPHU</subfield>
    <subfield code="c">CT</subfield>
    <subfield code="d">2025-04-04</subfield>
    <subfield code="e">Donado por los editores </subfield>
    <subfield code="l">0</subfield>
    <subfield code="o">xxx R426m </subfield>
    <subfield code="p">2025-6139</subfield>
    <subfield code="r">2025-07-02</subfield>
    <subfield code="t">e.4</subfield>
    <subfield code="w">2025-07-02</subfield>
    <subfield code="y">LBS1</subfield>
  </datafield>
  <datafield tag="952" ind1=" " ind2=" ">
    <subfield code="0">0</subfield>
    <subfield code="1">0</subfield>
    <subfield code="2">ddc</subfield>
    <subfield code="5">6</subfield>
    <subfield code="7">0</subfield>
    <subfield code="8">DS</subfield>
    <subfield code="a">BNPHU</subfield>
    <subfield code="b">BNPHU</subfield>
    <subfield code="c">CT</subfield>
    <subfield code="d">2025-04-04</subfield>
    <subfield code="e">Donado por los editores</subfield>
    <subfield code="l">0</subfield>
    <subfield code="o">xxx R426m </subfield>
    <subfield code="p">2025-6140</subfield>
    <subfield code="r">2025-07-02</subfield>
    <subfield code="t">e.5</subfield>
    <subfield code="w">2025-07-02</subfield>
    <subfield code="y">LBS1</subfield>
  </datafield>
  <datafield tag="999" ind1=" " ind2=" ">
    <subfield code="c">58534</subfield>
    <subfield code="d">58534</subfield>
  </datafield>
</record>
